[Event "Norwegian op"]
[Site "Oslo"]
[Date "2005.03.26"]
[Round "8"]
[White "Hanley, James L"]
[Black "Breivik, Lars H"]
[Result "0-1"]
[WhiteElo "2056"]
[BlackElo "2221"]
[PlyCount "56"]
[EventDate "2005.03.19"]
[EventType "swiss"]
[EventRounds "9"]
[EventCountry "NOR"]
[SourceTitle "CBM 105 Extra"]
[Source "ChessBase"]
[SourceDate "2005.05.01"]
[SourceVersion "1"]
[SourceVersionDate "2005.05.01"]
[SourceQuality "1"]

1. e4 c5 2. Nf3 Nc6 3. Bb5 g6 4. 0-0 Bg7 5. Re1 e5 6. d3 Nge7 7. Nc3 0-0 8. Bg5 f6 9. Bc4+ Kh8 10. Be3 Nd4 11. Nd5 b5 12. Bxd4 cxd4 13. Bxb5 Nxd5 14. exd5 Qb6 15. Bc4 Qxb2 16. h4 d6 17. Nd2 f5 18. Bb3 Qa3 19. h5 g5 20. h6 Bf6 21. Qh5 Qa5 22. Nf3 Bd7 23. g4 fxg4 24. Nh2 Qd2 25. Nxg4 Be7 26. Rf1 Qf4 27. Nh2 g4 28. Kh1 Rf6 0-1

[Event "Norwegian op"]
[Site "Oslo"]
[Date "2005.03.21"]
[Round "3"]
[White "Breivik, Lars H"]
[Black "Riisem, Oyvind"]
[Result "0-1"]
[WhiteElo "2221"]
[BlackElo "2069"]
[PlyCount "80"]
[EventDate "2005.03.19"]
[EventType "swiss"]
[EventRounds "9"]
[EventCountry "NOR"]
[SourceTitle "CBM 105 Extra"]
[Source "ChessBase"]
[SourceDate "2005.05.01"]
[SourceVersion "1"]
[SourceVersionDate "2005.05.01"]
[SourceQuality "1"]

1. d4 d5 2. Nf3 Nf6 3. e3 c6 4. c4 a6 5. Bd3 Bg4 6. Qb3 Bxf3 7. gxf3 Qc7 8. Nc3 e6 9. Bd2 dxc4 10. Bxc4 c5 11. dxc5 Bxc5 12. Rc1 Nc6 13. Be2 Rd8 14. Ne4 Nxe4 15. fxe4 Bd6 16. h4 Rd7 17. h5 h6 18. a3 0-0 19. Bg4 Rfd8 20. Bc3 Be5 21. f4 Na5 22. Qa4 Bxc3+ 23. Rxc3 Qb6 24. Rh2 Kh7 25. Qc2 Nc4 26. e5+ Kh8 27. Rxc4 Qxe3+ 28. Kf1 Rd4 29. Rf2 Qg3 30. Qc3 Rd3 31. Rc8 Qxg4 32. Qxd3 Rxc8 33. Qf3 Rc1+ 34. Ke2 Qg1 35. Qd3 Qe1+ 36. Kf3 Qh1+ 37. Ke3 Re1+ 38. Kd4 Qd5+ 39. Kc3 Qc5+ 40. Kb3 Re3 0-1

[Event "Linares Anibal op 11th"]
[Site "Linares"]
[Date "2005.03.03"]
[Round "8"]
[White "Aloma Vidal, Roberto"]
[Black "Breivik, Lars H"]
[Result "1-0"]
[WhiteElo "2329"]
[BlackElo "2221"]
[PlyCount "79"]
[EventDate "2005.02.25"]
[EventType "swiss"]
[EventRounds "9"]
[EventCountry "ESP"]
[SourceTitle "CBM 105 Extra"]
[Source "ChessBase"]
[SourceDate "2005.05.01"]
[SourceVersion "1"]
[SourceVersionDate "2005.05.01"]
[SourceQuality "1"]

1. d4 Nf6 2. c4 c5 3. d5 e6 4. Nc3 exd5 5. cxd5 d6 6. e4 g6 7. Bd3 Bg7 8. h3 0-0 9. Nf3 b5 10. Bxb5 Nxe4 11. Nxe4 Qa5+ 12. Nfd2 Qxb5 13. Nxd6 Qa6 14. N2c4 Nd7 15. 0-0 Ne5 16. Nxe5 Bxe5 17. Ne4 Rd8 18. Bg5 f6 19. Be3 Qc4 20. Nxc5 Bxb2 21. Rb1 Ba3 22. Qa4 Qxa4 23. Nxa4 Rxd5 24. Nc3 Ra5 25. Rfd1 Be7 26. a4 Kf7 27. Rb5 Rxb5 28. axb5 Be6 29. Ra1 Rc8 30. Ne4 Bd5 31. Nd2 Rb8 32. Ra5 Rb7 33. b6 Rd7 34. bxa7 Ba8 35. Rb5 Rb7 36. Rxb7 Bxb7 37. Nc4 Ke6 38. Nb6 Kd6 39. a8Q Bxa8 40. Nxa8 1-0

[Event "Linares Anibal op 11th"]
[Site "Linares"]
[Date "2005.03.01"]
[Round "6"]
[White "Lorenzini, Martin"]
[Black "Breivik, Lars H"]
[Result "1-0"]
[WhiteElo "2412"]
[BlackElo "2221"]
[PlyCount "109"]
[EventDate "2005.02.25"]
[EventType "swiss"]
[EventRounds "9"]
[EventCountry "ESP"]
[SourceTitle "CBM 105 Extra"]
[Source "ChessBase"]
[SourceDate "2005.05.01"]
[SourceVersion "1"]
[SourceVersionDate "2005.05.01"]
[SourceQuality "1"]

1. e4 c5 2. Nf3 Nc6 3. Bb5 g6 4. c3 Nf6 5. Qe2 Bg7 6. 0-0 0-0 7. h3 d5 8. e5 Ne8 9. Bxc6 bxc6 10. d3 Nc7 11. Nbd2 Ne6 12. Nb3 Ba6 13. Ng5 Nxg5 14. Bxg5 c4 15. Nc5 cxd3 16. Qd2 Bc8 17. Rfe1 f6 18. exf6 exf6 19. Bf4 g5 20. Be3 Bf5 21. Nxd3 Re8 22. Nc5 a5 23. Na4 Rb8 24. Bd4 Qd7 25. b3 Qf7 26. Bb6 Qh5 27. Rxe8+ Rxe8 28. Re1 Rxe1+ 29. Qxe1 g4 30. hxg4 Bxg4 31. Bxa5 Qg6 32. Bc7 h5 33. Kh2 Bf5 34. Bd6 Bb1 35. a3 Bc2 36. Nc5 f5 37. Be5 Be4 38. Nxe4 Bxe5+ 39. Ng3 Bd6 40. Kg1 f4 41. Nf1 h4 42. b4 f3 43. g3 Kf7 44. Qe3 Qf5 45. a4 hxg3 46. fxg3 Be5 47. a5 Kg6 48. a6 Qc2 49. Qxf3 Qxc3 50. Qxc3 Bxc3 51. Kg2 Bd4 52. Nd2 Kf5 53. Kf3 Ba7 54. Nb3 Ke6 55. g4 1-0

[Event "Linares Anibal op 11th"]
[Site "Linares"]
[Date "2005.02.28"]
[Round "4"]
[White "Matnadze, Ana"]
[Black "Breivik, Lars H"]
[Result "0-1"]
[WhiteElo "2376"]
[BlackElo "2221"]
[PlyCount "84"]
[EventDate "2005.02.25"]
[EventType "swiss"]
[EventRounds "9"]
[EventCountry "ESP"]
[SourceTitle "CBM 105 Extra"]
[Source "ChessBase"]
[SourceDate "2005.05.01"]
[SourceVersion "1"]
[SourceVersionDate "2005.05.01"]
[SourceQuality "1"]

1. d4 Nf6 2. Nf3 e6 3. c4 c5 4. d5 exd5 5. cxd5 d6 6. Nc3 g6 7. g3 Bg7 8. Bg2 0-0 9. 0-0 Re8 10. Bf4 Ne4 11. Nxe4 Rxe4 12. Nd2 Rb4 13. a3 Rxf4 14. gxf4 Bxb2 15. Ra2 Bg7 16. a4 Na6 17. Ra3 Qf6 18. e3 Nb4 19. Qf3 b6 20. a5 b5 21. Rb3 Bb7 22. Qh3 Rd8 23. Ne4 Qe7 24. Rd1 Bc8 25. Qg3 Bf5 26. f3 a6 27. Qe1 Bc8 28. Kh1 Bf5 29. Qd2 Bc8 30. Nf2 Bb7 31. e4 Qh4 32. Rdb1 h5 33. Rxb4 cxb4 34. Rxb4 Rc8 35. e5 Bxd5 36. Rd4 Bb3 37. exd6 Bxd4 38. d7 Rc2 39. Qd3 Rc1+ 40. Bf1 Qxf2 41. d8Q+ Kh7 42. Q8xd4 Rxf1+ 0-1